000 00437nam a2200181Ia 4500
001 22408
005 20260414150829.0
008 260414t1983||||xx |||||||||||||| ||spa||
041 _aESP
082 _a621.381
_bG82
100 _aGrob, Bernard
_eAUT
245 0 _aCircuitos electrónicos y sus aplicaciones
_b
260 _c1983
300 _a535 páginas :
_c23 cm.
650 _aTCA
654 _aCET
942 _cLIB
_dJUS
_fJUS
_2ddc
_n
999 _c22408
_d22408